[Event "Novi Sad TS 221st"]
[Site "Novi Sad"]
[Date "2021.11.08"]
[Round "8.1"]
[White "Kolagatla, Alana Meenakshi"]
[Black "Lovre, Rajko"]
[Result "1-0"]
[WhiteElo "1611"]
[BlackElo "1968"]
[PlyCount "41"]
[EventDate "2021.11.02"]
[EventType "schev"]
[EventRounds "9"]
[EventCountry "SRB"]
[SourceTitle "CBM 205 Extra"]
[Source "ChessBase"]
[SourceDate "2022.01.31"]
[SourceVersion "1"]
[SourceVersionDate "2022.01.31"]
[SourceQuality "1"]
[WhiteTeam "Team B"]
[BlackTeam "Team A"]
[WhiteTeamCountry "SRB"]
[BlackTeamCountry "SRB"]

1. e4 c5 2. Nf3 Nc6 3. d4 cxd4 4. Nxd4 d6 5. Nc3 g6 6. Be3 Bg7 7. Bc4 Nf6 8. f3 0-0 9. Qd2 Re8 10. g4 h5 11. gxh5 Nxh5 12. Rg1 Ne5 13. Bb3 Qb6 14. 0-0-0 Bd7 15. Qf2 Qa6 16. Kb1 Rac8 17. Nd5 e6 18. Nf4 Nxf4 19. Bxf4 Bc6 20. h4 Nc4 21. Bc1 1-0

[Event "Novi Sad TS 219th"]
[Site "Novi Sad"]
[Date "2021.10.31"]
[Round "8.1"]
[White "Mushini, Ajay"]
[Black "Lovre, Rajko"]
[Result "1-0"]
[WhiteElo "1947"]
[BlackElo "1949"]
[PlyCount "25"]
[EventDate "2021.10.25"]
[EventType "schev"]
[EventRounds "8"]
[EventCountry "SRB"]
[SourceTitle "CBM 205 Extra"]
[Source "ChessBase"]
[SourceDate "2022.01.31"]
[SourceVersion "1"]
[SourceVersionDate "2022.01.31"]
[SourceQuality "1"]
[WhiteTeam "Team B"]
[BlackTeam "Team A"]
[WhiteTeamCountry "SRB"]
[BlackTeamCountry "SRB"]

1. e4 c5 2. Nf3 Nc6 3. Bb5 a6 4. Bxc6 dxc6 5. d3 Nf6 6. Nc3 e6 7. 0-0 b6 8. Bg5 Be7 9. e5 Nd5 10. Ne4 0-0 11. c4 Nc7 12. h4 h6 13. Be3 1-0

[Event "Novi Sad TS 219th"]
[Site "Novi Sad"]
[Date "2021.10.26"]
[Round "2.1"]
[White "Yash, Jyoti Bir"]
[Black "Lovre, Rajko"]
[Result "1-0"]
[WhiteElo "1931"]
[BlackElo "1949"]
[PlyCount "59"]
[EventDate "2021.10.25"]
[EventType "schev"]
[EventRounds "8"]
[EventCountry "SRB"]
[SourceTitle "CBM 205 Extra"]
[Source "ChessBase"]
[SourceDate "2022.01.31"]
[SourceVersion "1"]
[SourceVersionDate "2022.01.31"]
[SourceQuality "1"]
[WhiteTeam "Team B"]
[BlackTeam "Team A"]
[WhiteTeamCountry "SRB"]
[BlackTeamCountry "SRB"]

1. e4 c5 2. Nf3 d6 3. d4 cxd4 4. Nxd4 Nf6 5. Nc3 g6 6. Be3 Bg7 7. f3 Nc6 8. Be2 0-0 9. 0-0 d5 10. Kh1 a6 11. Qd2 e5 12. Nxc6 bxc6 13. Bc5 Re8 14. Bd3 d4 15. Na4 Rb8 16. b4 Bb7 17. Nb6 h6 18. a4 Qc7 19. a5 Kh7 20. Qe2 Nd7 21. Nxd7 Qxd7 22. Bxa6 Bxa6 23. Qxa6 Rb7 24. Qc4 Ra8 25. a6 Rb5 26. Ra4 Bf8 27. Bxf8 Rxf8 28. a7 Ra8 29. Rfa1 Kg7 30. Ra6 1-0

[Event "Novi Sad TS 219th"]
[Site "Novi Sad"]
[Date "2021.10.25"]
[Round "1.1"]
[White "Lovre, Rajko"]
[Black "Singh, Myra"]
[Result "1-0"]
[WhiteElo "1949"]
[BlackElo "1460"]
[PlyCount "67"]
[EventDate "2021.10.25"]
[EventType "schev"]
[EventRounds "8"]
[EventCountry "SRB"]
[SourceTitle "CBM 205 Extra"]
[Source "ChessBase"]
[SourceDate "2022.01.31"]
[SourceVersion "1"]
[SourceVersionDate "2022.01.31"]
[SourceQuality "1"]
[WhiteTeam "Team A"]
[BlackTeam "Team B"]
[WhiteTeamCountry "SRB"]
[BlackTeamCountry "SRB"]

1. Nf3 d5 2. d4 Nf6 3. g3 e6 4. Bg2 Be7 5. 0-0 0-0 6. c3 c5 7. Bg5 c4 8. Bxf6 Bxf6 9. Nbd2 Nc6 10. e4 Re8 11. b3 cxb3 12. axb3 b6 13. Re1 Bb7 14. exd5 exd5 15. Qc2 Qd7 16. Qd3 Rad8 17. Qb5 h6 18. Qd3 a6 19. Rxa6 Rxe1+ 20. Nxe1 Bxa6 21. Qxa6 Qa7 22. Qb5 Qa1 23. Qxc6 Qxe1+ 24. Nf1 Qe6 25. Qb5 Rd6 26. Ne3 Qd7 27. Qxd7 Rxd7 28. Nxd5 Rd6 29. Kf1 Kf8 30. Ke2 Ke8 31. Kd3 Kd7 32. f4 Ke6 33. c4 g5 34. Bh3+ 1-0

[Event "Novi Sad Putnik Schev"]
[Site "Novi Sad"]
[Date "2021.07.20"]
[Round "4"]
[White "Yash, Jyoti Bir"]
[Black "Lovre, Rajko"]
[Result "1/2-1/2"]
[WhiteElo "1592"]
[BlackElo "2033"]
[PlyCount "25"]
[EventDate "2021.07.18"]
[EventType "schev"]
[EventRounds "7"]
[EventCountry "SRB"]
[SourceTitle "EXT 2022"]
[Source "ChessBase"]
[SourceDate "2021.10.06"]
[SourceVersion "1"]
[SourceVersionDate "2021.10.06"]
[SourceQuality "1"]
[WhiteTeam "Theam B"]
[BlackTeam "Theam A"]
[WhiteTeamCountry "SRB"]
[BlackTeamCountry "SRB"]

1. e4 c5 2. Nf3 d6 3. d4 cxd4 4. Nxd4 Bd7 5. Be3 Nf6 6. Nc3 g6 7. f3 Bg7 8. Qd2 0-0 9. g4 Nc6 10. Be2 h5 11. g5 Ne8 12. f4 Nc7 13. 0-0-0 1/2-1/2

[Event "Novi Sad Putnik Schev"]
[Site "Novi Sad"]
[Date "2021.07.18"]
[Round "1"]
[White "Lovre, Rajko"]
[Black "Divitt, Arora"]
[Result "1/2-1/2"]
[WhiteElo "2033"]
[BlackElo "1629"]
[PlyCount "45"]
[EventDate "2021.07.18"]
[EventType "schev"]
[EventRounds "7"]
[EventCountry "SRB"]
[SourceTitle "EXT 2022"]
[Source "ChessBase"]
[SourceDate "2021.10.06"]
[SourceVersion "1"]
[SourceVersionDate "2021.10.06"]
[SourceQuality "1"]
[WhiteTeam "Theam A"]
[BlackTeam "Theam B"]
[WhiteTeamCountry "SRB"]
[BlackTeamCountry "SRB"]

1. d4 d5 2. Nf3 Nf6 3. g3 e6 4. Bg2 Be7 5. 0-0 0-0 6. c3 c5 7. Bg5 Nc6 8. e3 Ne4 9. Bxe7 Qxe7 10. Nbd2 f5 11. Nxe4 fxe4 12. Nd2 b6 13. f3 exf3 14. Nxf3 Bb7 15. Qd2 Rad8 16. Rad1 e5 17. Nxe5 Rxf1+ 18. Rxf1 Nxe5 19. dxe5 Qxe5 20. Qf2 Qe7 21. Rd1 Re8 22. Bxd5+ Bxd5 23. Rxd5 1/2-1/2

[Event "Vojvodina-chT2"]
[Site "Vrbas"]
[Date "2011.09.27"]
[Round "4"]
[White "Lovre, Rajko"]
[Black "Skoko, Milan"]
[Result "1-0"]
[WhiteElo "2221"]
[BlackElo "2218"]
[PlyCount "137"]
[EventDate "2011.09.25"]
[EventType "team-tourn"]
[EventRounds "11"]
[EventCountry "SRB"]
[SourceTitle "CBM 144 Extra"]
[Source "ChessBase"]
[SourceDate "2011.10.28"]
[SourceVersion "1"]
[SourceVersionDate "2011.10.28"]
[SourceQuality "1"]

1. Nf3 f5 2. d4 Nf6 3. g3 g6 4. Bg2 Bg7 5. 0-0 0-0 6. c3 d5 7. Bf4 c6 8. Be5 Nbd7 9. Nbd2 Nxe5 10. Nxe5 Nd7 11. Nxd7 Qxd7 12. f4 a5 13. Nf3 Qd6 14. e3 b6 15. Re1 Bd7 16. Qd2 Rac8 17. Rad1 e6 18. Bf1 h6 19. Kg2 Bf6 20. Bd3 g5 21. Qe2 Be8 22. Nd2 Rf7 23. Rf1 Rg7 24. Rc1 Rcc7 25. Qf2 c5 26. Rce1 h5 27. Kh1 Rh7 28. Rg1 Rcg7 29. h4 gxh4 30. gxh4 Kf8 31. Nf3 Rb7 32. Ng5 Rhg7 33. Rc1 Rg8 34. Qe2 Rc7 35. Rg2 Ke7 36. Rcg1 Rg7 37. Bb5 Qd8 38. Bxe8 Qxe8 39. Qa6 Qc6 40. Qe2 Qe8 41. Qa6 Qc6 42. Qe2 Qe8 43. Qa6 Qc6 44. Qe2 Qe8 45. dxc5 bxc5 46. Qa6 Qc6 47. Qxa5 Rg8 48. Qa3 Ra8 49. Qb3 Rb7 50. Qd1 Bxg5 51. hxg5 h4 52. Kh2 Rxa2 53. g6 Rbxb2 54. Rxb2 Rxb2+ 55. Kh3 Rb8 56. g7 Rg8 57. Qh5 Qe8 58. Qg5+ Kd6 59. Kxh4 Qf7 60. Qg6 Ke7 61. Qg5+ Kd6 62. Qh6 d4 63. exd4 cxd4 64. cxd4 Ke7 65. Rg2 Qf6+ 66. Kh5 Qxd4 67. Qg5+ Kf7 68. Kh6 Qf6+ 69. Kh7 1-0